| 000 | 00485cam a2200193ua 4500 | ||
|---|---|---|---|
| 020 | _cRs 0.80 | ||
| 041 |
_amal _hq |
||
| 082 |
_a894.812 2 _bGOP/NI |
||
| 100 | _aGopinathan Nair, T N. | ||
| 245 |
_aNilavum Nizhalum / _cT N Gopinathan Nair. _hTextual Documents |
||
| 250 |
_a1 / _b. |
||
| 260 |
_aKottayam : _bNational Book Stall , _c1966. |
||
| 300 | _a74 ; . | ||
| 365 | _aRs 0.80 | ||
| 504 | _a | ||
| 650 | _aDrama - Malayalam | ||
| 942 | _cBK | ||
| 999 |
_c3483 _d3483 |
||